Deuxième 2e ville la plus peuplées de chaque départements - Statistiques

Statistiques générales
  • Ce quiz a été pris 271 fois
  • Le résultat moyen est 39 sur 101
Statistiques - réponses
Hint Réponse % Correct
Finistère Quimper
74%
Métropole de Lyon Villeurbanne
72%
Haut-Rhin Colmar
66%
Nord Roubaix
66%
Loire-Atlantique Saint-Nazaire
66%
Bouches-du-Rhône Aix-en-Provence
65%
Hérault Béziers
63%
Ille-et-Vilaine Saint-Malo
63%
Morbihan Vannes
63%
Allier Vichy
63%
Pyrénées-Atlantiques Bayonne
61%
Seine-Maritime Rouen
61%
Aude Carcassonne
60%
Marne Châlons-en-Champagne
60%
Manche Saint-Lô
60%
Gard Alès
57%
Pas-de-Calais Arras
57%
Corse-du-Sud Porto-Vecchio
57%
Charente-Maritime Saintes
57%
Corrèze Tulle
57%
Alpes-Maritimes Antibes
56%
Hautes-Alpes Briançon
56%
Landes Dax
56%
Ardennes Sedan
55%
Alpes-de-Haute-Provence Digne-les-Bains
53%
Ariège Foix
53%
Jura Lons-le-Saunier
53%
Gironde Mérignac
53%
Drôme Montélimar
53%
Meuse Bar-le-Duc
52%
Côte-d'Or Beaune
51%
Aveyron Millau
51%
Doubs Montbéliard
51%
Dordogne Bergerac
50%
Eure-et-Loir Dreux
50%
Ain Oyonnax
50%
Aisne Soissons
50%
Maine-et-Loire Cholet
48%
Haute-Savoie Thonon-les-Bains
47%
Cher Vierzon
46%
Vendée Les Sables-d'Olonne
45%
Saône-et-Loire Mâcon
45%
Moselle Thionville
44%
Tarn Castres
43%
Côtes-d'Armor Lannion
43%
Charente Cognac
42%
Haute-Marne Chaumont
41%
Oise Compiègne
40%
Hautes-Pyrénées Lourdes
40%
La Réunion Saint-Paul
40%
Yonne Sens
40%
Hauts-de-Seine Nanterre
38%
Somme Abbeville
37%
Cantal Saint-Flour
37%
Ardèche Aubenas
36%
Var La Seyne-sur-Mer
35%
Val-de-Marne Créteil
34%
Indre Issoudun
34%
Vaucluse Carpentras
33%
Bas-Rhin Haguenau
33%
Vosges Saint-Dié-des-Vosges
33%
Val-d'Oise Cergy
32%
Indre-et-Loire Joué-lès-Tours
32%
Sarthe La Flèche
32%
Guyane Saint-Laurent-du-Maroni
32%
Lot-et-Garonne Villeneuve-sur-Lot
32%
Creuse La Souterraine
31%
Seine-Saint-Denis Montreuil
31%
Eure Vernon
31%
Vienne Châtellerault
29%
Lot Figeac
29%
Gers L'Isle-Jourdain
29%
Savoie Aix-les-Bains
28%
Haute-Garonne Colomiers
28%
Loir-et-Cher Romorantin-Lanthenay
28%
Mayenne Château-Gontier-sur-Mayenne
27%
Loire Saint-Chamond
26%
Haute-Corse Borgo
25%
Deux-Sèvres Bressuire
25%
Isère Saint-Martin-d'Hères
25%
Calvados Hérouville-Saint-Clair
20%
Tarn-et-Garonne Castelsarrasin
19%
Orne Flers
19%
Loiret Olivet
19%
Meurthe-et-Moselle Vandœuvre-lès-Nancy
19%
Essonne Corbeil-Essonnes
18%
Nièvre Cosne-Cours-sur-Loire
16%
Puy-de-Dôme Cournon-d'Auvergne
15%
Martinique Le Lamentin
15%
Pyrénées-Orientales Canet-en-Roussillon
14%
Seine-et-Marne Chelles
14%
Aube Romilly-sur-Seine
14%
Yvelines Sartrouville
13%
Lozère Marvejols
12%
Haute-Vienne Saint-Junien
11%
Haute-Saône Héricourt
10%
Territoire de Belfort Delle
9%
Haute-Loire Monistrol-sur-Loire
8%
Rhône Belleville-en-Beaujolais
7%
Mayotte Koungou
7%
Guadeloupe Baie-Mahault
6%
Aucun quiz correspondant
Distribution des résultats
% des personnes avec chaque résultat
Percentile par nombre de réponses
Votre historique - résultats
Vous n’avez pas pris ce quiz